Realism in aquaculture : Achievements, constraints, perspectives: Review papers, World Conference on Aquaculture : Venice, Italy, 21-25 September 1981
Kaydedildi:
| Materyal Türü: | Kitap |
|---|---|
| Dil: | Undetermined |
| Baskı/Yayın Bilgisi: |
Bredene, Belgium
European Aquaculture Society
1986
|
| Konular: | |
| Etiketler: |
Etiketle
Etiket eklenmemiş, İlk siz ekleyin!
|
| Thư viện lưu trữ: | Trung tâm Học liệu Trường Đại học Cần Thơ |
|---|
| LEADER | 00614nam a2200169Ia 4500 | ||
|---|---|---|---|
| 001 | CTU_150767 | ||
| 008 | 210402s9999 xx 000 0 und d | ||
| 082 | |a 639.8 | ||
| 082 | |b R288 | ||
| 245 | 0 | |a Realism in aquaculture : | |
| 245 | 0 | |b Achievements, constraints, perspectives: Review papers, World Conference on Aquaculture : Venice, Italy, 21-25 September 1981 | |
| 245 | 0 | |c Martin Bilio, Harald Rosenthal, Carl J. Sindermann, editors | |
| 260 | |a Bredene, Belgium | ||
| 260 | |b European Aquaculture Society | ||
| 260 | |c 1986 | ||
| 650 | |a Aquaculture | ||
| 980 | |a Trung tâm Học liệu Trường Đại học Cần Thơ | ||